Statistics for 4-Letter Music Chain

Click here to take the quiz!

General Stats

  • This quiz has been taken 34,782 times
  • The average score is 18 of 26

Answer Stats

HintAnswer% Correct
Elvis's nickname: The ____King
94%
Earth, ___ & FireWind
93%
What the D stands for in CDDisc
91%
Well-known Swedish bandABBA
88%
Most famous song by The Village PeopleYMCA
84%
Word that comes before
Maiden or Butterfly
Iron
79%
Hungry like the ____Wolf
79%
Singing voice below baritoneBass
77%
50 Cent song: In da ____Club
77%
Genre of the Ramones and the ClashPunk
75%
Stereotypically Chinese instrumentGong
74%
Pink Floyd song: Comfortably ____Numb
71%
Tabla or timpani, e.g.Drum
70%
____ Lang SyneAuld
69%
Your ____ is a wonderlandBody
69%
Subculture that dresses like the CureGoth
69%
Someone who sings a Gregorian chantMonk
64%
Huey Lewis and the ____News
63%
Beatles album or movieHelp
61%
Genre of Curtis Mayfield and
Sly & The Family Stone
Funk
57%
Nu metal band, a misspelled vegetableKorn
52%
"Detroit Rock City" bandKISS
50%
Largo or AdagioSlow
50%
English rockers who sang
"Common People"
Pulp
43%
"Closing Time" band: ____sonicSemi
40%
Canadian reggae musician who
recorded "Informer"
Snow
29%

Score Distribution

Percentile by Number Answered

Percent of People with Each Score

Your Score History

You have not taken this quiz